Modern techniques for polymer characterisation /
Guardado en:
| Otros Autores: | , |
|---|---|
| Formato: | Libro |
| Idioma: | English |
| Publicado: |
Chichester, West Sussex, England ; New York :
J. Wiley,
c1999.
|
| Materias: | |
| Acceso en línea: | Descripción Tabla de contenido |
| Etiquetas: |
Agregar Etiqueta
Sin Etiquetas, Sea el primero en etiquetar este registro!
|
| LEADER | 01008cam a22002415a 4500 | ||
|---|---|---|---|
| 001 | EIQ.libpla000986 | ||
| 008 | 980922s1999####enka#####b####001#0#eng#d | ||
| 005 | 20060710183222.0 | ||
| 245 | 0 | 0 | |a Modern techniques for polymer characterisation / |c edited by R.A. Pethrick and J.V. Dawkins. |
| 260 | |a Chichester, West Sussex, England ; |a New York : |b J. Wiley, |c c1999. | ||
| 300 | |a xvii, 392 p. : |b il. ; |c 24 cm. | ||
| 504 | |a Incluye referencias bibliográficas e índice. | ||
| 020 | |a 0471960977 (hb : acid-free paper) | ||
| 700 | 1 | |a Pethrick, R. A. |q (Richard Arthur), |d 1942-, |e ed. |4 edt | |
| 700 | 1 | |a Dawkins, J. V., |e ed. |4 edt | |
| 082 | 0 | 0 | |a 547/.7046 |2 21 |
| 650 | 0 | |a Polímeros |x Análisis. | |
| 650 | 0 | |a Polymers |x Analysis. | |
| 010 | |a 98045287 | ||
| 040 | |a DLC |c DLC |d AR-BbSID | ||
| 856 | 4 | 2 | |3 Descripción |u http://www.loc.gov/catdir/description/wiley0310/98045287.html |
| 856 | 4 | |3 Tabla de contenido |u http://www.loc.gov/catdir/toc/onix07/98045287.html | |
| 859 | |a AR-BbSID |b BIB. PLAPIQUI |h 547.704 6 |i M 72 |p 5624 | ||
